Những câu chuyện về lịch sử Phương Tây : Thời Trung cổ huyền bí

Wedi'i Gadw mewn:
Manylion Llyfryddiaeth
Prif Awdur: Văn, Sinh Nguyên
Fformat: Llyfr
Iaith:Undetermined
Cyhoeddwyd: Hà Nội Lao động - Xã hội 2006
Pynciau:
Tagiau: Ychwanegu Tag
Dim Tagiau, Byddwch y cyntaf i dagio'r cofnod hwn!
Thư viện lưu trữ: Trung tâm Học liệu Trường Đại học Cần Thơ
LEADER 00617nam a2200205Ia 4500
001 CTU_105084
008 210402s9999 xx 000 0 und d
020 |c 33000 
082 |a 940 
082 |b Ng527t 
100 |a Văn, Sinh Nguyên 
245 0 |a Những câu chuyện về lịch sử Phương Tây : 
245 0 |b Thời Trung cổ huyền bí 
245 0 |c Văn Sinh Nguyên 
260 |a Hà Nội 
260 |b Lao động - Xã hội 
260 |c 2006 
650 |a History, western 
904 |i Trọng Hải 
980 |a Trung tâm Học liệu Trường Đại học Cần Thơ